Nördlichste Größstädte der Welt - Statistiken

Allgemein
  • Dieses Quiz wurde 51 mal gespielt
  • Das Durchschnittsergebnis liegt bei 8 aus 21
Antwortstatistiken
Breitengrad Einwohner Land Stadt % Korrekt
64.13 °N 239.733 Island Reykjavík
89%
60.17 °N 674.500 Finnland Helsinki
80%
60.39 °N 291.940 Norwegen Bergen
70%
68.98 °N 270.384 Russland Murmansk
64%
61.50 °N 255.050 Finnland Tampere
57%
63.43 °N 214.565 Norwegen Trondheim
57%
65.01 °N 214.633 Finnland Oulu
55%
60.45 °N 201.863 Finnland Turku
50%
61.21 °N 291.244 USA Anchorage
43%
60.21 °N 314.024 Finnland Espoo
39%
63.83 °N 133.091 Schweden Umeå
36%
60.98 °N 120.693 Finnland Lahti
32%
64.55 °N 301.199 Russland Archangelsk
30%
62.89 °N 124.021 Finnland Kuopio
23%
69.33 °N 174.453 Russland Norilsk
18%
60.30 °N 247.443 Finnland Vantaa
16%
62.03 °N 355.443 Russland Jakutsk
14%
62.24 °N 147.746 Finnland Jyväskylä
14%
60.67 °N 103.532 Schweden Gävle
5%
61.25 °N 396.443 Russland Surgut
2%
66.08 °N 107.251 Russland Nowy Urengoi
0%
Keine übereinstimmenden Quizze gefunden
Verteilung der Resultate
Anzahl Personen mit jedem Resultat
Perzentil nach korrekt beantworteten Fragen
Ihre Resultats-Entwicklung
Sie haben dieses Quiz noch nicht gespielt